Reconnaissez vous ces personnages de star wars ? - Statistiques

Statistiques générales
  • Ce quiz a été pris 189 fois
    154 depuis la dernière actualisation
  • Le résultat moyen est 76 sur 234
Statistiques - réponses
Par images Réponse % Correct
Mace Windu
89%
BB-8
87%
Han Solo
87%
Anakin Skywalker
86%
Comte Dooku
86%
Dark Maul
86%
Dark Vador
86%
Jar Jar Binks
86%
Kylo Ren/ Ben Solo
86%
Luke Skywalker
86%
Maître Yoda
86%
Obi-Wan / Ben Kenobi
86%
Princesse Leia Organa
86%
Qui-Gon Jinn
86%
R2D2
86%
Rey Palpatine
86%
Chewbacca / Chewie
85%
Sheev Palpatine / Dark Sidious/ L'Empereur
85%
FN-2187 / Finn
84%
Jango Fett
84%
Padmé Amidala
84%
C-3PO / 6-PO
83%
Jabba le Hutt / Jabba Desilijic Tiure Jabba le Forestier
83%
Boba Fett
81%
Lando Calrissian
81%
Shmi Skywalker
81%
Poe Dameron
80%
Rose Tico
80%
Snoke
80%
Géneral Grievous / Qymaen Jai Sheelal
78%
Amiral Gial Ackbar
75%
Owen Lars
75%
Bail Prestor Organa
73%
Grand Moff Wilhuff Tarkin
72%
Armitage Hux
70%
Plo Koon
68%
Ki-Adi-Mundi
67%
Cody
65%
Maz Kanata
65%
Din Djarin, Le Mandalorien (Mando)
64%
Greedo
64%
Watto
64%
Beru Whitesun / Lars
62%
Kit Fisto
62%
Capitaine Phasma
60%
Kanan Jarrus
59%
Wampa
59%
Luminara Unduli
58%
Savage Opress
58%
Sebulba
58%
Asajj Ventress
57%
URoRRuR’R’R
56%
Yaddle
55%
Aayla Secura
54%
Barriss Offee
54%
Pillards Tusken
54%
Sabine Wren
54%
Nute Gunray
53%
Shaak Ti
53%
Stormtrooper
52%
Wicket Wystri Warrick
51%
Bossk
50%
Bib Fortuna
49%
Mon Mothma
48%
Cliegg Lars
47%
Droïde sonde impérial
47%
Finis Valorum
47%
Super droïdes de combat B2
47%
Amilyn Holdo
44%
Bo-Katan Kryze
44%
Le capitaine Quarsh Panaka
44%
Poggle Le Bref
44%
Troisième soeur
44%
Zorii Bliss
44%
IG-88
43%
Snowtrooper
43%
Boss Nass
42%
Dark Revan / Le Revanchiste
42%
K-2SO / K-250
42%
Moff Gideon
42%
Satine Kryze
42%
Aurra Sing
40%
Dark malgus / Veradun
36%
Lobot
36%
Scout Trooper
36%
Zam Wesell
36%
Max Rebo
34%
Adi Gallia
33%
Alpha Géonosien
33%
Coleman Trebor
33%
Sabé
33%
Sandtrooper
33%
Jocasta Nu
32%
Lama Su
32%
Lor San Tekka
32%
Temple Guard
32%
Wedge Antilles
32%
Biggs Darklighter
31%
R4-G9
31%
Sarlacc
31%
Unkar Plutt
31%
Jannah
30%
Nien Nunb
30%
Yarael Poof
30%
Dark Malak / Alek Squinquargesimus
29%
Dexter Jettster
29%
Eeth Koth
29%
Galen Marek / Dark Starkiller
29%
Capitaine Gregar Typho
28%
DJ
28%
Mas Amedda
28%
Saesee Tiin
28%
Amiral Piett
27%
Even Piell
27%
Nebit, Le chef des Jawas
27%
Dengar
26%
Général Maximilian Veers
26%
Pre Vizsla
26%
Agen Kolar
25%
Depa Billaba
25%
Droïde d'alimentation de série / GONK Droid
25%
Oppo Rancisis
25%
Paige Tico
25%
Amiral Trench
24%
Cordé
24%
Reine Jamillia
24%
capitaine Raymus Antilles
23%
Oola
23%
Général Pryde
21%
Salacious B. Crumb
21%
Breha Organa
20%
Taun We
20%
Boushh
19%
Docteur Aphra / Chelli Lona Aphra
19%
Lieutenant Connix
19%
Shoretrooper
19%
Stass Allie
19%
Dormé
18%
Général Dodonna
18%
Vieille Daka
18%
Porkins
17%
Reine Apailana
17%
Soldat sith de l’empire
17%
Ima-Gun Di
16%
Sio Bibble
16%
HK-47
15%
Bultar Swan
14%
Chef Chirpa
14%
Dark Traya / Kreia
14%
Général Motti
14%
Logray
14%
Malakili - Rancor Keeper
14%
Sy Snootles
14%
Baron Notluwiski Papanoida
13%
K-3PO
13%
Rune Haako
13%
Snap / Temmin Wexley
13%
Tion Medon
13%
Ask Aak
12%
Carlist Rieekan
12%
Death Star Gunner
12%
Kendal Ozzel
12%
Ric Olié
12%
Saché
12%
Kitster
11%
Yané
11%
Zuckuss
11%
Beaumont
10%
Cin Drallig
10%
Lott Dod
10%
Soldats CRA
10%
Tarre Vizsla
10%
Teebo
10%
Ugloste, le chef des Ugnaughts
10%
Crix Madine
9%
Sly Moore
9%
Zett Jukassa
9%
Jon "Dutch" Vander / Gold Leader
8%
Orn Free Taa
8%
Seatrooper
8%
soldats rebelles de hoth
8%
Général Cassio Tagge
7%
Passel Argente
7%
Tiaan Jerjerrod
7%
Aks Moe
6%
Captain Lorth Needa
6%
Général Willard
6%
Officier du premier ordre
6%
Ree Yees
6%
Rystáll Sant
6%
Weequay Skiff Guard
6%
Red Leader
5%
Senateur Bail Antilles
5%
Arvel Crynyd
4%
Daultay Dofine
4%
Derek Klivian "Hobbie"
4%
Joh Yowza / Jedi Rocks
4%
Red Four
4%
Spacetrooper
4%
Achk Med-Beq
3%
Aldar Beedo
3%
Amanaman - Chasseur de primes de Jabba
3%
Droopy McCool
3%
Jobal Naberrie
3%
Keir Santage
3%
Major Bren Derlin
3%
Saphira Amidala
3%
Sors Bandeam
3%
Tessek
3%
Tey How
3%
Wes Janson
3%
Zev Senesca
3%
Antidar Williams
2%
Ephant Mon
2%
General McQuarrie
2%
Heater, Jabba's henchman
2%
Klaatu
2%
Lieutenant Gureni Telsij - Grey Squadron
2%
Maoi Madakor, Capitaine du Radiant VII
2%
Pooja Naberrie
2%
Sola Naberrie
2%
Ann Gella
1%
Captain Yorr - Pilote Imperial de ST321
1%
Lt. Gavyn Sykes - Bravo 6
1%
Nikto
1%
Ruwee Naberrie
1%
Tann Gella
1%
Dathcha
0%
Eirtaé
0%
Isda Median
0%
Jack Mckenzie
0%
Lieutenant Judder
0%
Romba
0%
Tamizander Rey
0%
Aucun quiz correspondant
Distribution des résultats
% des personnes avec chaque résultat
Percentile par nombre de réponses
Votre historique - résultats
Vous n’avez pas pris ce quiz depuis la dernière actualisation